| 000 | 01294cam a2200349 a 4500 | ||
|---|---|---|---|
| 001 | 16035503 | ||
| 003 | OSt | ||
| 005 | 20150408113957.0 | ||
| 008 | 111214s2009 enk b 000 1 eng d | ||
| 010 | _a 2009504348 | ||
| 015 |
_aGBA935871 _2bnb |
||
| 016 | 7 |
_a015108623 _2Uk |
|
| 020 | _a9780199555284 (pbk.) | ||
| 035 | _a(OCoLC)ocn317473062 | ||
| 040 |
_aBTCTA _cBTCTA _dUKM _dYDXCP _dBIB _dUAB _dDLC |
||
| 042 | _alccopycat | ||
| 050 | 0 | 0 |
_aPR4762 _b.P7 2009 |
| 082 | 0 | 0 |
_a823.8 H A P _222 |
| 100 | 1 |
_aHope, Anthony, _d1863-1933. _98146 |
|
| 245 | 1 | 4 |
_aThe prisoner of Zenda / _cAnthony Hope ; edited with an introduction and notes by Tony Watkins. |
| 260 |
_aOxford ; _aNew York : _bOxford University Press, _c[2009] |
||
| 300 |
_axxviii, 177 p. ; _c20 cm. |
||
| 490 | 0 | _aOxford world's classics | |
| 504 | _aIncludes bibliographical references. | ||
| 650 | 0 |
_aBritish _zForeign countries _vFiction. _98147 |
|
| 650 | 0 |
_aImpostors and imposture _vFiction. |
|
| 655 | 7 |
_aAdventure stories. _2gsafd _97117 |
|
| 700 | 1 |
_aWatkins, Tony. _98148 |
|
| 906 |
_a7 _bcbc _ccopycat _d2 _encip _f20 _gy-gencatlg |
||
| 942 |
_2ddc _cDVD |
||
| 999 |
_c19668 _d254168 |
||